Estructura civil y procesal del contrato

保存先:
書誌詳細
第一著者: Díez Duarte, Raúl (autor)
フォーマット: 図書
言語:スペイン語
出版事項: Santiago Jurídica Ediar-Cono Sur 1989
主題:
タグ: タグ追加
タグなし, このレコードへの初めてのタグを付けませんか!

MARC

LEADER 00000nam a2200000 a 4500
001 UCV0925
003 CL-VaPUC
008 890725e19890000CL |||||||||||||||||spa|d
082 0 4 |a 346.022  |b DIE  |2 21 
100 |a Díez Duarte, Raúl  |e autor  |9 568197 
245 1 0 |a Estructura civil y procesal del contrato 
300 |a 321 p 
942 |c BK 
945 |d 19890725 00:00:00 
260 |a Santiago  |b Jurídica Ediar-Cono Sur  |c 1989 
650 0 |a Contratos  |9 255153 
651 7 |a CHILE  |2 CL-VaPUC  |9 295261 
583 |a last modification  |c 19890725 00:00:00  |k Rodrigo Vera 
999 |c 209100  |d 209098 
952 |0 0  |1 0  |4 0  |6 346_022000000000000_DIE_1989  |7 0  |8 A  |9 184272  |a BIBDER  |b BIBDER  |d 2019-11-14  |i 2514249  |o 346.022 DIE 1989  |p 2514249  |r 2023-01-25  |w 2019-11-14  |y BK  |k DER